Najbardziej zaludnione państwa dzisiejsze w 1800 roku - Statystyki

Ogólne statystyki
  • Ten quiz został rozwiązany 4 658 razy
  • Średni wynik to 14 z 18
Statystyki odpowiedzi
Liczba ludności Państwo % Poprawnych
295 m Chiny
98%
21 m Rosja
98%
255 m Indie
94%
21 m Niemcy
94%
27 m Francja
93%
12 m Wielka Brytania
92%
11 m Hiszpania
89%
8 m Polska
89%
29 m Japonia
84%
17 m Włochy
84%
7 m Turcja
78%
8 m Meksyk
67%
16 m Indonezja
61%
9 m Ukraina
59%
9 m Pakistan
52%
13 m Nigeria
49%
18 m Bangladesz
43%
7 m Demokratyczna Republika Konga
40%
Nie znaleziono quizów pasujących do podanych kryteriów
Rozkład punktacji
Procent ludzi z każdym wynikiem
Percentyl według liczby udzielonych odpowiedzi
Twoja historia wyników
Nie rozwiązałeś tego quizu